Mecánica teórica

Guardat en:
Dades bibliogràfiques
Autor principal: Starzhinsku, Viacheslav Mikhailovich (Autor)
Format: Llibre
Idioma:espanyol
Publicat: Moscú Mir 1985
Matèries:
Etiquetes: Afegir etiqueta
Sense etiquetes, Sigues el primer a etiquetar aquest registre!

MARC

LEADER 00000nam a2200000 a 4500
001 UCY1730
003 CL-VaPUC
008 940914e19850000RU |||||||||||||||||spa|d
082 0 4 |a 531  |b STA  |2 21 
100 0 |a Starzhinsku, Viacheslav Mikhailovich  |e author  |9 329722 
245 1 0 |a Mecánica teórica 
300 |a 519 p 
942 |c BK 
945 |d 19940914 00:00:00  |a mfernand 
260 |a Moscú  |b Mir  |c 1985 
650 0 |a Mecánica   |9 260096 
650 0 |a Dinámica  |9 260136 
583 |a last modification  |c 20181001 02:06:38  |k Rodrigo Vera 
999 |c 230338  |d 230336 
952 |0 0  |1 0  |4 0  |6 531_000000000000000_STA_1985  |7 0  |8 A  |9 232506  |a BIBCUR  |b BIBCUR  |d 2019-11-15  |i 3020975  |o 531 STA 1985  |p 3020975  |r 2025-04-22  |w 2019-11-15  |y BK  |k FIS